|
|
|
|
| LEADER |
00000nab a2200000 ar4500 |
| 001 |
vtls008901540 |
| 003 |
SK-MaSNL |
| 005 |
20260426072756.0 |
| 008 |
061221c20061208xo dr|p|||||||000 b|slo |
| 015 |
|
|
|a SNBRB2006/12
|2 snkbucl
|
| 038 |
|
|
|a SNKBUCL
|
| 040 |
|
|
|a SNKBUCL
|b slo
|c SNKBUCL
|e AACR2
|
| 041 |
0 |
|
|a slo
|
| 044 |
|
|
|a xo
|c SK
|
| 080 |
|
|
|a 336.14
|x (437.6)
|2 2001
|
| 080 |
|
|
|a 328.1
|x (437.6)
|2 2001
|
| 245 |
0 |
0 |
|a Štátny rozpočet poslancov zaujíma málo
|
| 300 |
|
|
|b Fotogr.
|
| 610 |
1 |
7 |
|a Slovensko.
|b Národná rada
|2 snkbucl
|9 165573
|
| 650 |
0 |
7 |
|a štátny rozpočet
|2 snkbucl
|9 2364
|
| 651 |
|
7 |
|a Slovensko
|2 snkbucl
|9 14231
|
| 773 |
0 |
|
|t Sme. Práca
|g Roč. 15, č. 282 (8.12.2006), s. 2
|x 1335-440X
|
| 852 |
|
|
|a SNK
|b KIS3GCP
|
| 999 |
|
|
|c 2692002
|d 2693932
|